000 00419pab a2200169 454500
008 180718b2008 xxu||||| |||| 00| 0 eng d
100 _aNaik, B.M.
245 _aGap analysis between Indian institutes and their counterparts abroad
260 _c2008
300 _ap.1-7.
362 _a14 Jul
650 _aUniversities
700 _aKandlikar, W.S.
773 _aUniversity News
908 _aN
909 _a78853
999 _c78853
_d78853